|
|
|
|
| LEADER |
01702cas a2200241 a 4500 |
| 001 |
AALejournalIMF007357 |
| 008 |
230101c9999 xx r poo 0 0eng d |
| 020 |
|
|
|c 5.00 USD
|
| 020 |
|
|
|z 9781451921113
|
| 022 |
|
|
|a 1018-5941
|
| 040 |
|
|
|a BD-DhAAL
|c BD-DhAAL
|
| 100 |
1 |
|
|a Buchs, Thierry.
|
| 245 |
1 |
0 |
|a Selected WTO Rules and Some Implications for Fund Policy Advice /
|c Thierry Buchs.
|
| 264 |
|
1 |
|a Washington, D.C. :
|b International Monetary Fund,
|c 1996.
|
| 300 |
|
|
|a 1 online resource (72 pages)
|
| 490 |
1 |
|
|a IMF Working Papers
|
| 500 |
|
|
|a <strong>Off-Campus Access:</strong> No User ID or Password Required
|
| 500 |
|
|
|a <strong>On-Campus Access:</strong> No User ID or Password Required
|
| 506 |
|
|
|a Electronic access restricted to authorized BRAC University faculty, staff and students
|
| 520 |
3 |
|
|a The paper surveys six WTO agreements selected on the basis of their potential relevance for Fund-supported programs, namely Customs Valuation, Subsidies, Safeguards, Antidumping, Trade-Related Investment Measures, and Trade in Services. It offers a critical reading of the rules, and highlights potential issues of concern for the Fund in its policy dialogue with member countries with selected country examples. As some rules have very different implications for various groupings of countries, the paper calls attention to policy consistency in the trade area of these countries, and points out some areas where implementation of the rules might pose problems.
|
| 538 |
|
|
|a Mode of access: Internet
|
| 830 |
|
0 |
|a IMF Working Papers; Working Paper ;
|v No. 1996/023
|
| 856 |
4 |
0 |
|z Full text available on IMF
|u http://elibrary.imf.org/view/journals/001/1996/023/001.1996.issue-023-en.xml
|z IMF e-Library
|